Alle landen waar een W in zit. - Statistieken

Algemene statistieken
  • Deze quiz is 57 keer genomen
    51 sinds de laatste reset
  • De gemiddelde score is 10 van 15
Antwoordstatistieken
Antwoord % Correct
Zweden
95%
Zwitserland
95%
Zimbabwe
90%
Nieuw-Zeeland
85%
Rwanda
70%
Swaziland
70%
Wit-Rusland
70%
Malawi
65%
Papoea-Nieuw-Guinea
65%
Slowakije
65%
Noorwegen
55%
Litouwen
50%
Taiwan
50%
Botswana
45%
Koeweit
35%
Geen overeenkomende quizzen gevonden
Scoreverdeling
Procent van Mensen met Elke Score
Percentiel versus Aantal Correcte Antwoorden
Uw Scoregeschiedenis
U heeft deze quiz nog niet genomen sinds de laatste reset